=LDR 00000nam 2200000 4500 =001 INLIS000000000047914 =005 20200317104651 =035 ##$$a 0010-031600000000027 =008 200317################g##########0#ind## =020 ##$$a 3-7271-0146-6 =040 ##$$a NBPDMAT =082 ##$$a 240 =090 ##$$a 240$bTra e =100 ##$$a Moral kristiani =245 1#$$a Errecht jeder christ das himmlische ziel ? / Ernest Trachsel-Pauli /$c Ernest Trachsel-Pauli =260 ##$$a Germany :$b Trachsel,$c 1994 =300 ##$$a 112 hlm ; $c 11 x 18 cm =650 #4$$a Moral-Kristiani =850 ##$$a NBPDMAT =084 ##$$a 240 TRA e =990 ##$$a 31500707